00638nam a22001817b 450000500170000000800410001702000230005804000140008104100060009508200170010124501230011825000180024126000350025930000460029450400360034052100390037665000410041520230727160150.0230727b sa ||||| |||| 00| 0 eng d a9780627038075qpbk aRDAc3228 2E a371.102 HELP aHelp! I'm a student teacher : skills development for teaching practice /cEdited by ER du Toit, LP Louw and L Jacobs. aThird edition aHartfieldbVan Schaik , c2021 axix, 248 pages :billustrations ;c25 cm. aIncludes bibliography and index astudent teachers , novice teachers aStudent teachers , teaching practice